000
00332nam a22001457a 4500
082
_a
617.3,J11L
100
_a
LEVARGIE,PAMEA
245
_a
JOINT STRUCTURE & FUNTION
250
_a
5TH
260
_a
DELHI
_b
JAYPEE MEDICAL PUBLISHER
_c
2011
300
_a
588
650
_a
ORTHOPEDICS
653
_a
BONE JOINTS
942
_2
ddc
_c
BK
_0
348
999
_c
7992
_d
7992